| 000 | 00601cam a2200205ua 4500 | ||
|---|---|---|---|
| 001 | 11447 | ||
| 005 | 20260515114744.0 | ||
| 008 | 190920n ii |||gr||||Z||||||eng | ||
| 020 | _a9788173043353 | ||
| 040 | _cMAIN | ||
| 041 | _aeng | ||
| 082 | _a303.484 | ||
| 100 |
_aM S A Rao, _eEditor. |
||
| 245 |
_aSocial movements in india : _bStudies in peasant backward classes sectarian tribal and womens movements / _cEd by M S A Rao . |
||
| 250 | _a1st ed rep. | ||
| 260 |
_aNew Delhi: _bManohar publishers and distributors, _c2016. |
||
| 300 | _a435p. | ||
| 653 | _aSocial processes | ||
| 942 | _cBK | ||
| 999 |
_c10273 _d10273 |
||